Statistics for US Metro Areas >1,000,000 People (2020 Census)

Click here to take the quiz!

General Stats

  • This quiz has been taken 120 times
    (105 since last reset)
  • The average score is 50 of 56

Answer Stats

HintAnswer% Correct
7,122,240Houston-The Woodlands-Sugar Land
100%
13,200,998Los Angeles-Long Beach-Anaheim
100%
6,089,815Atlanta-Sandy Springs-Alpharetta
99%
9,618,502Chicago-Naperville-Elgin
99%
6,138,333Miami-Fort Lauderdale-West Palm Beach
99%
20,140,470New York-Newark-Jersey City
99%
2,673,376Orlando-Kissimmee-Sanford
97%
4,018,762Seattle-Tacoma-Bellevue
97%
3,175,275Tampa-St. Petersburg-Clearwater
97%
7,637,387Dallas-Fort Worth-Arlington
96%
4,845,832Phoenix-Mesa-Chandler
96%
2,238,371Austin-Round Rock
94%
2,660,329Charlotte-Concord-Gastonia
94%
2,963,821Denver-Aurora-Lakewood
94%
1,605,848Jacksonville
94%
6,245,051Philadelphia-Camden-Wilmington
94%
2,512,859Portland-Vancouver-Hillsboro
94%
4,941,632Boston-Cambridge-Newton
93%
2,088,251Cleveland-Elyria
93%
4,392,041Detroit-Warren-Dearborn
93%
2,558,143San Antonio-New Braunfels
93%
3,298,634San Diego-Chula Vista-Carlsbad
93%
4,749,008San Francisco-Oakland-Berkeley
93%
2,265,461Las Vegas-Henderson-Paradise
92%
3,690,261Minneapolis-St. Paul-Bloomington
92%
1,989,515Nashville-Davidson-Murfeesboro
92%
1,337,779Memphis
90%
1,574,731Milwaukee-Waukesha
90%
2,111,040Indianapolis-Carmel-Anderson
89%
2,192,035Kansas City
89%
1,271,845New Orleans-Metairie
89%
2,397,382Sacramento-Roseville-Folsom
89%
2,820,253St. Louis
89%
6,385,162Washington-Arlington-Alexandria
89%
2,138,926Columbus
88%
1,425,695Oklahoma City
88%
2,370,930Pittsburgh
88%
1,413,982Raleigh-Cary
88%
1,257,936Salt Lake City
88%
2,844,510Baltimore-Columbia-Towson
86%
1,166,902Buffalo-Niagara Falls
86%
2,256,884Cincinnati
86%
1,285,439Louisville/Jefferson County
86%
1,799,674Virginia Beach-Norfolk-Newport News
86%
1,043,433Tucson
85%
1,008,654Fresno
83%
2,000,468San Jose-Sunnyvale-Santa Clara
82%
1,015,331Tulsa
81%
1,016,508Urban Honolulu
81%
1,115,289Birmingham-Hoover
79%
1,314,434Richmond
79%
1,213,531Hartford-East Hartford-Middletown
78%
1,676,579Providence-Warwick
75%
4,599,839Riverside-San Bernardino-Ontario
72%
1,087,592Grand Rapids-Kentwood
67%
1,090,135Rochester
65%

Score Distribution

Percentile by Number Answered

Percent of People with Each Score

Your Score History

You have not taken this quiz since the last reset